|
|
|
|
| LEADER |
02460cas a2200241 a 4500 |
| 001 |
AALejournalIMF021014 |
| 008 |
230101c9999 xx r poo 0 0eng d |
| 020 |
|
|
|c 5.00 USD
|
| 020 |
|
|
|z 9781513546360
|
| 022 |
|
|
|a 1934-7685
|
| 040 |
|
|
|a BD-DhAAL
|c BD-DhAAL
|
| 110 |
2 |
|
|a International Monetary Fund.
|b Western Hemisphere Dept.
|
| 245 |
1 |
0 |
|a Honduras :
|b Second Reviews Under the Stand-by Arrangement and the Arrangement Under the Standby Credit Facility, Requests for Augmentation and Rephasing of Access, and Modification of Performance Criteria-Press Release; Staff Report; and Statement by the Executive Director for Honduras.
|
| 264 |
|
1 |
|a Washington, D.C. :
|b International Monetary Fund,
|c 2020.
|
| 300 |
|
|
|a 1 online resource (90 pages)
|
| 490 |
1 |
|
|a IMF Staff Country Reports
|
| 500 |
|
|
|a <strong>Off-Campus Access:</strong> No User ID or Password Required
|
| 500 |
|
|
|a <strong>On-Campus Access:</strong> No User ID or Password Required
|
| 506 |
|
|
|a Electronic access restricted to authorized BRAC University faculty, staff and students
|
| 520 |
3 |
|
|a This paper presents Honduras' Second Reviews Under the Stand-By Arrangement and Arrangement Under the Stand-By Credit Facility, Requests for Augmentation and Rephasing of Access, and Modification of Performance Criteria. The coronavirus disease 2019 pandemic and external spillovers are expected to hit Honduras hard, and the augmentation of access will support the authorities' response to mitigate the impact. The completion of the reviews will help Honduras meet urgent balance of payments needs stemming from the pandemic, including increased health care and social spending. The authorities continue to take steps to improve the institutional framework in the electricity sector. Important measures have been incorporated into the program. These aim at improving governance and facilitating the unbundling of the national electricity company. Tariffs continue to reflect the cost of electricity provision while providing subsidies to the poor. The augmentation of access under the Stand-By Arrangement and the Arrangement under the Standby Credit Facility should help the authorities cover external financing needs to mitigate the impact of the pandemic.
|
| 538 |
|
|
|a Mode of access: Internet
|
| 830 |
|
0 |
|a IMF Staff Country Reports; Country Report ;
|v No. 2020/186
|
| 856 |
4 |
0 |
|z Full text available on IMF
|u http://elibrary.imf.org/view/journals/002/2020/186/002.2020.issue-186-en.xml
|z IMF e-Library
|